书目信息 |
| 题名: |
应用型大学发展之路、强校之路
|
|
| 作者: | 罗迎社 主编 | |
| 分册: | ||
| 出版信息: | 长沙 中南大学出版社 2020.12 |
|
| 页数: | 354页 | |
| 开本: | 29cm | |
| 丛书名: | ||
| 单 册: | ||
| 中图分类: | U491-53 | |
| 科图分类: | ||
| 主题词: | 交通工程 | |
| 电子资源: | ||
| ISBN: | 978-7-5487-4314-9 | |
| 000 | 01105nam0 2200229 450 | |
| 001 | 2020270426 | |
| 005 | 20210105013133.0 | |
| 010 | @a978-7-5487-4314-9@dCNY98.00 | |
| 100 | @a20210105d2020 em y0chiy0110 ea | |
| 101 | 0 | @achi |
| 102 | @aCN@b430000 | |
| 105 | @ay z 000yy | |
| 106 | @ar | |
| 200 | 1 | @a应用型大学发展之路、强校之路@9ying yong xing da xue fa zhan zhi lu 、 qiang xiao zhi lu@e湖南交通工程学院应用型本科生2020届优秀论文集@f罗迎社主编 |
| 210 | @a长沙@c中南大学出版社@d2020.12 | |
| 215 | @a354页@d29cm | |
| 330 | @a本书书名为《应用型大学发展之路、强校之路——湖南交通工程学院应用型本科生2020届优秀论文集》,为湖南交通学院统一编辑收录2020届湖南交通工程学院应用型本科生优秀论文,共收录67篇论文,经指导老师提炼加工后成为六十七篇篇四至六面的论文,集中展示2020届湖南交通工程学院应用型本科生的研究课题以及价值,该论文集将成系列,系统展示学校本科生的培养情况,有意义的研究,系统地展示了湖南交通工程学院应用型本科生的培养及发展情况。 | |
| 606 | 0 | @a交通工程 |
| 690 | @aU491-53@v5 | |
| 701 | 0 | @a罗迎社@9luo ying she@4主编 |
| 801 | 0 | @aCN@b人天书店@c20210105 |
| 905 | @aTSG@dU491-53@eL976@f1 | |
| 应用型大学发展之路、强校之路:湖南交通工程学院应用型本科生2020届优秀论文集/罗迎社主编.-长沙:中南大学出版社,2020.12 |
| 354页;29cm |
| ISBN 978-7-5487-4314-9:CNY98.00 |
| 本书书名为《应用型大学发展之路、强校之路——湖南交通工程学院应用型本科生2020届优秀论文集》,为湖南交通学院统一编辑收录2020届湖南交通工程学院应用型本科生优秀论文,共收录67篇论文,经指导老师提炼加工后成为六十七篇篇四至六面的论文,集中展示2020届湖南交通工程学院应用型本科生的研究课题以及价值,该论文集将成系列,系统展示学校本科生的培养情况,有意义的研究,系统地展示了湖南交通工程学院应用型本科生的培养及发展情况。 |
| ● |
| 相关链接 |
|
|
|
正题名:应用型大学发展之路、强校之路
索取号:U491-53/L976
 
预约/预借
| 序号 | 登录号 | 条形码 | 馆藏地/架位号 | 状态 | 备注 |
| 1 | 1549436 | 215494365 | 自科库501/501自科库 58排1列5层/ [索取号:U491-53/L976] | 在馆 |